यूरोपीय चित्रकला का इतिहास - The history of European Painting (Record no. 395987)

MARC details
000 -LEADER
fixed length control field 00424 a2200133 4500
000 - LEADER
fixed length control field nam a22 7a 4500
100 ## - MAIN ENTRY--PERSONAL NAME
Personal name Gupta, Nisha
110 ## - MAIN ENTRY--CORPORATE NAME
Corporate name or jurisdiction name as entry element Gupta, Nisha
245 ## - TITLE STATEMENT
Title यूरोपीय चित्रकला का इतिहास - The history of European Painting
250 ## - EDITION STATEMENT
Edition statement Latest edition
260 ## - PUBLICATION, DISTRIBUTION, ETC.
Name of publisher, distributor, etc. Vishav bharti publication
Date of publication, distribution, etc. 2023
264 ## - PRODUCTION, PUBLICATION, DISTRIBUTION, MANUFACTURE, AND COPYRIGHT NOTICE
Name of producer, publisher, distributor, manufacturer Vishav bharti publication
Date of production, publication, distribution, manufacture, or copyright notice 2023
942 ## - ADDED ENTRY ELEMENTS (KOHA)
Koha item type Books

No items available.

© Designed and Maintained by Vivekananda Library, MDU Rohtak